1603 1554 1186 1030 1217 1031 1794 1267 1283 1558 1936 1594 1537 1934 1669 1521 1937 1097 1952 1011 1268 1607 1518 1500 1472 1457 1518 1568 1644 1784 1198 1584 1381 1258 1810 1501 1314 1139 1983 1635 1698 1863 1141 1271 1933 1098 1360 1266 1364 1072 1796 1252 1682 1943 1030 1118 1669 1944 1412 1596 1270 1475 1377 1371 1265 1916 1017 1171 1559 1363 1691 1317 1463 1169 1477 1218 1460 1378 1434 1578 1193 1761 1661 1910 1044 1808 1754 1094 1386 1091 1028 1610 1002 1325 1737 1136 1396 1140 1829 BCNSPRNW ULIB Ver.6.0+V

เปลี่ยนเป็นภาษาไทย

Change to English
 แสดงรายละเอียดบรรณานุกรม
  กลับหน้าหลัก

Brief Record : Get Marc (ISO 2709) : E-mail record : QR code < ปิดหน้าต่าง
LEADER : 00000nam 2200000uu 4500
001    13399120912
003     ULIB
008    121025s2549||||th 000 0 tha d
020    ^a9749484029
020    ^a9789749484029
060 04 ^aWT120^bส665ร 2549
245 00 ^aรู้ทัน--วัยทอง /^cสายัณห์ สวัสดิ์ศรี ... [และคนอื่นๆ] ;บรรณาธิการ, ประภาส เที่ยงธรรม
246 14 ^aรู้ทันวัยทอง
246 30 ^aรู้ทัน...วัยทอง
250    ^aพิมพ์ครั้งที่ 1
260    ^aกรุงเทพฯ :^bเรือนปัญญา,^c2549
300    ^a162 หน้า :^bภาพประกอบ ;^c21 ซม.
650  7 ^aสุขภาพและอนามัย
650  7 ^aผู้สูงอายุ
650  7 ^aวัยชรา
650  7 ^aผู้ชายวัยทอง
650  7 ^aผู้หญิงวัยทอง
700 0  ^aสายัณห์ สวัสดิ์ศรี
700 0  ^aประภาส เที่ยงธรรม,^eบรรณาธิการ
945    ^p135^l0^i24782
995    ^aกัณชพร
999 ^a ใช้งานได้ทุกระบบ
รายการนี้ยังไม่มีแท็ก
คุณยังไม่ได้ล็อกอิน คุณสามารถมีกิจกรรมร่วมกับเว็บไซต์ได้ แต่ต้องล็อกอินก่อน ::
  ล็อกอิน

รายการสื่อสารสนเทศ

ลำดับที่ ประเภท เลขเรียก/บาร์โค้ด สถานที่ สถานะ
1. วิทยาศาสตร์การแพทย์ และสุขภาพ
วิทยาศาสตร์การแพทย์ และสุขภาพ
WT120 ส665ร 2549  
  Barcode: 24782
ห้องสมุดวิทยาเขตสวรรค์ประชารักษ์
►หนังสือทั่วไป
บนชั้น

รายการใกล้เคียง
    หัวเรื่อง [สุขภาพและอนามัย]
    หัวเรื่อง [ผู้สูงอายุ]
    หัวเรื่อง [วัยชรา]
    หัวเรื่อง [ผู้ชายวัยทอง]
    หัวเรื่อง [ผู้หญิงวัยทอง]

BibComment


ยังไม่เคยถูกคอมเมนท์

คอมเมนท์ทรัพยากรรายการนี้
  คอมเมนท์: รู้ทันวัยทอง สา..


 Copyright 2026. Bcnsprnw @Library